Sweet nothing stories
| Main Author: | |
|---|---|
| Format: | Book |
| Published: |
New York :
Mulholland Books/Little, Brown and Company ,
2015
|
| Subjects: |
MARC
| LEADER | 00000cam a2200000 7i4500 | ||
|---|---|---|---|
| 001 | 0000197319 | ||
| 005 | 20160120.0 | ||
| 020 | |a 9780316327541 | ||
| 090 | 0 | 0 | |a F |b LAN |
| 100 | 1 | |a Lange, Richard | |
| 245 | 1 | 0 | |a Sweet nothing stories |c Richard Lange |
| 260 | |a New York : |b Mulholland Books/Little, Brown and Company , |c 2015 | ||
| 300 | |a 260p. ; |c 22cm. | ||
| 650 | 0 | |a Fiction | |
| 999 | |a 00315739 |b BUKU |c PINJAMAN |e PERPUSTAKAAN KOMUNITI PETALING JAYA | ||